| 000 | 00514nam a2200181Ia 4500 | ||
|---|---|---|---|
| 001 | 20740 | ||
| 005 | 20260306172828.0 | ||
| 008 | 260306t2025||||xx |||||||||||||| ||spa|| | ||
| 041 | _aESP | ||
| 082 |
_a343.8 _bA47 |
||
| 100 |
_aAlva Matteucci, Mario, _eAUT |
||
| 245 | 0 |
_aImplicancias tributarias de las transferencias de bienes inmuebles : _bpara personas jurídicas y persona naturales |
|
| 260 | _c2025 | ||
| 300 |
_a270 páginas : _c24 cm. |
||
| 650 | _aGEN | ||
| 654 | _aCDE | ||
| 942 |
_cLIB _dJUS _fJUS _2ddc _n |
||
| 999 |
_c20740 _d20740 |
||